000 01802cam a2200361 i 4500
001 768714001
003 CO-MdFUSB
005 20250829083554.0
007 ta
008 961119t19971997cau b 001 0 eng
010 _a96051202
020 _a0-7879-0363-9
040 _cCO-MdFUSB
041 _aeng
082 _223
_a248.89
_bW757
100 1 _aWimberly, Edward P.,
_d1943-
_eautor
245 1 0 _aRecalling our own stories :
_bspiritual renewal for religious caregivers
_c/ Edward P. Wimberly.
250 _aprimera edición
264 1 _aSan Francisco, Calif. :
_bJossey-Bass Publishers,
_c[1997]
264 4 _c©1997
300 _a156 páginas ;
_c23 cm.
336 _atexto
_btxt
_2rdacontent
337 _asin mediación
_bn
_2rdamedia
338 _avolumen
_bnc
_2rdacarrier
504 _aIncluye referencias bibliográficas (páginas 143-146) e índice.
505 _aSer llamado de nuevo: encontrar la reposición espiritual en nuestras propias historias - Mitos personales: historias que nos empoderan o nos dejan vulnerables - Mitos matrimoniales y familiares: historias que afectan nuestras relaciones con los seres queridos - Mitos del ministerio: historias que ayudan u obstaculizan nosotros al servir a Dios - La posibilidad de cambio: reautorizando los mitos que nos unen - Suzanne: permitiendo que emerja el verdadero ser - Santiago y esperanza: entendiendo quién nos llamó al ministerio - Blanch y Henry: viendo a nuestros cónyuges por quién ellos son - Zelda y David: aprovechando los momentos intermedios cuando el cambio es posible - De caminar herido a sanador herido: qué esperar en el viaje.
563 _aRústico
650 0 _919
_aVida cristiana
650 0 _951
_aVida espiritual
942 _cBK
945 _aJTF-925
999 _c66471
_d66471